History Quiz

Random History or Clickable Quiz

50 Important Dates in Human History Quiz Stats

Quiz Updated Jun 20, 2016

Challenge
Share
Tweet
Embed
Score 0/50 Timer 12:00
6 Plays Today
% Correct
1969
83.9%
1989
83.7%
1939
82.4%
1914
81.9%
1492
79.3%
1776
76.8%
1929
74.9%
1977
71.2%
44 BC
67.8%
1917
67.7%
1957
65.2%
1789
65.2%
1066
64.5%
‚Äč~200,000 BC
59.2%
1955
58.9%
1215
58.7%
1946
57.5%
1903
56.4%
1949
50.2%
313
49.3%
~40,000 BC
44.5%
1095
43.8%
622
43.6%
800
42.5%
~10,000 BC
41.7%
% Correct
1346
41.5%
334 BC
41.2%
~750 BC
38.4%
~3,500 BC
37.1%
1930
36.5%
509 BC
35.8%
1517
35.3%
1271
33.9%
1905
33.8%
527
33.5%
1928
33.1%
~5,000 BC
31.3%
1819
31.3%
1439
31%
1893
30.7%
1876
30.3%
1687
29.6%
1879
28.7%
1618
28.6%
1522
26.5%
1764
23.8%
1769
22.9%
1869
19.2%
1543
18.5%
1582
14.4%

You're not logged in!

Compare scores with friends on all Sporcle quizzes.
Sign Up with Email
OR
Log In

You Might Also Like...

Show Comments

Extras

Top Quizzes Today


Score Distribution

Your Account Isn't Verified!

In order to create a playlist on Sporcle, you need to verify the email address you used during registration. Go to your Sporcle Settings to finish the process.